[Event "Challenge"]
[Site "http://www.queenalice.com/game.php?id=888347"]
[Date "2011.1.19"]
[Round "-"]
[White "terriple"]
[Black "totoro"]
[Result "1-0"]
[WhiteElo "1754"]
[BlackElo "1478"]

1. e4 d6 2. d4 d5 3. e5 e6 4. Nf3 c5 5. b3 c4 6. bxc4 dxc4 7. Bxc4 Qb6 8. O-O
Ne7 9. Nc3 Bd7 10. Bg5 Nf5 11. Rb1 Qc7 12. Qd3 Bc6 13. Bb5 Nd7 14. Bxc6 Qxc6 15.
d5 exd5 16. Qxf5 Qxc3 17. e6 fxe6 18. Qxe6+ 1-0

[Event "Let's Play Chess!"]
[Site "http://www.queenalice.com/game.php?id=889361"]
[Date "2011.1.21"]
[Round "-"]
[White "charles31"]
[Black "terriple"]
[Result "0-1"]
[WhiteElo "1749"]
[BlackElo "1790"]

1. Nf3 d5 2. d4 Bg4 3. Qd3 Nf6 4. Bg5 e6 5. h3 Bxf3 6. Qxf3 Nc6 7. e3 Qd6 8.
Bxf6 Qb4+ 9. Nd2 Qxb2 10. Rb1 Qxc2 11. Bh4 Bb4 12. Qe2 Bxd2+ 13. Qxd2 Qxb1+ 14.
Ke2 O-O 15. g4 Rfe8 16. Bg2 Qb5+ 17. Kf3 e5 18. dxe5 Rxe5 19. Bf1 Qc5 20. Kg2 d4
21. exd4 Qd5+ 22. f3 Nxd4 23. Qf2 Rae8 24. Bg5 Rxg5 25. Bd3 g6 26. h4 Rge5 27.
Rd1 Ne6 28. Kg3 Qd6 29. Bc2 Re2+ 30. Kg2 Rxf2+ 31. Kxf2 Qc5+ 0-1

[Event "Let's Play Chess!"]
[Site "http://www.queenalice.com/game.php?id=889362"]
[Date "2011.1.21"]
[Round "-"]
[White "terriple"]
[Black "charles31"]
[Result "1-0"]
[WhiteElo "1804"]
[BlackElo "1715"]

1. e4 e5 2. Nc3 Nf6 3. Bc4 Nc6 4. Nf3 h6 5. Bb5 a6 6. Bxc6 dxc6 7. O-O g5 8.
Nxe5 Be6 9. d4 Nd7 10. Nf3 g4 11. Ne1 Nb6 12. Nd3 h5 13. Re1 Qd7 14. Ne5 Qd6 15.
Bf4 O-O-O 16. d5 cxd5 17. exd5 Nxd5 18. Nxd5 Bxd5 19. Nxf7 Qxf4 20. Nxd8 Bc5 21.
Rf1 Rf8 22. Qxd5 Rxd8 23. Qe6+ Kb8 24. Rae1 g3 25. hxg3 Qxg3 26. Qh3 Qg6 27. Re5
Bb6 28. Qxh5 Qg3 29. Re8 Qd6 30. Rd1 Qc5 31. Rdxd8+ Ka7 32. Ra8# 1-0

[Event "Let's Play Chess!"]
[Site "http://www.queenalice.com/game.php?id=890497"]
[Date "2011.1.24"]
[Round "-"]
[White "igorjava"]
[Black "terriple"]
[Result "1-0"]
[WhiteElo "1772"]
[BlackElo "1686"]

1. e4 e5 2. f4 d6 3. Nf3 Bg4 4. Bc4 exf4 5. d4 Qe7 6. O-O Bxf3 7. Qxf3 Nc6 8.
Bb5 O-O-O 9. Bxf4 Nxd4 10. Qd3 Nxb5 11. Qxb5 Qxe4 12. c4 a6 13. Qb3 1-0

[Event "Let's Play Chess!"]
[Site "http://www.queenalice.com/game.php?id=890524"]
[Date "2011.1.24"]
[Round "-"]
[White "Slazenger"]
[Black "terriple"]
[Result "1-0"]
[WhiteElo "1812"]
[BlackElo "1820"]

1. e4 e5 2. Nf3 Nc6 3. c3 Bc5 4. d4 exd4 5. cxd4 Bb6 6. Be3 d6 7. d5 Ba5+ 8. Bd2
Bxd2+ 9. Nbxd2 Ne5 10. Nxe5 dxe5 11. Nc4 Qf6 12. Be2 b5 13. Nd2 a6 14. Nf3 Ne7
15. Qc2 c6 16. Rd1 Bb7 17. d6 Ng6 18. d7+ Kd8 19. Rd2 Ra7 20. Qc5 Ra8 21. Qb6+
Ke7 22. Qxb7 Rhd8 23. O-O Kf8 24. Rfd1 c5 25. Rd6 Qe7 26. Rxa6 Rab8 27. Qc7 Nf4
28. Rd2 Ne6 29. Qd6 c4 30. Qxe7+ Kxe7 31. Nxe5 Nc5 32. Nc6+ Kf8 33. Nxb8 Nxe4
34. Rd4 Nc5 35. Rb6 Ne6 36. Rdd6 Ke7 37. Nc6+ Kxd6 38. Nxd8+ 1-0

[Event "Let's Play Chess!"]
[Site "http://www.queenalice.com/game.php?id=890525"]
[Date "2011.1.24"]
[Round "-"]
[White "terriple"]
[Black "Slazenger"]
[Result "1-0"]
[WhiteElo "1810"]
[BlackElo "1782"]

1. e4 e6 2. d4 Nf6 3. e5 Nd5 4. Bc4 d6 5. Nf3 h6 6. O-O c6 7. Bxd5 cxd5 8. Nc3
dxe5 9. Nxe5 f6 10. Qh5+ Ke7 11. Qf7+ Kd6 12. Nb5# 1-0

[Event "Let's Play Chess!"]
[Site "http://www.queenalice.com/game.php?id=890618"]
[Date "2011.1.24"]
[Round "-"]
[White "terriple"]
[Black "piemme"]
[Result "0-1"]
[WhiteElo "1843"]
[BlackElo "1660"]

1. e4 e5 2. Nf3 d6 3. Nc3 Nf6 4. d4 Bd7 5. Bg5 h6 6. Bxf6 Qxf6 7. d5 Bg4 8. Be2
b6 9. O-O Be7 10. Nb5 Na6 11. h3 Bxf3 12. Bxf3 O-O 13. Qe2 Rfc8 14. Bg4 Rd8 15.
Nxd6 Nc5 16. Nf5 Bd6 17. b4 Nd7 18. a3 a5 19. b5 Nc5 20. a4 Rac8 21. Ne3 Rb8 22.
Bf5 g6 23. Bg4 Nxe4 24. Bf3 Nc5 25. Ng4 Qe7 26. Nxh6+ Kg7 27. Qe3 Rh8 28. Ng4 f5
29. Nh2 e4 0-1

[Event "Challenge"]
[Site "http://www.queenalice.com/game.php?id=890620"]
[Date "2011.1.24"]
[Round "-"]
[White "peonaislado"]
[Black "terriple"]
[Result "1-0"]
[WhiteElo "1863"]
[BlackElo "1792"]

1. e4 e5 2. Nf3 Nc6 3. Bb5 d6 4. d4 Bd7 5. c4 exd4 6. Nxd4 Nxd4 7. Qxd4 Bxb5 8.
cxb5 Nf6 9. O-O Qd7 10. Nc3 Be7 11. Nd5 Nxd5 12. Qxd5 Rb8 13. Qd4 O-O 14. a4 b6
15. Qc4 Rbe8 16. Re1 1-0

[Event "Fast yellow van!"]
[Site "http://www.queenalice.com/game.php?id=890733"]
[Date "2011.1.26"]
[Round "-"]
[White "limaosiciliano"]
[Black "terriple"]
[Result "1-0"]
[WhiteElo "2021"]
[BlackElo "1799"]

1. g3 e5 2. e4 d5 3. Bg2 d4 4. d3 Nc6 5. Ne2 Nf6 6. O-O Bc5 7. h3 O-O 8. f4 Bd7
9. f5 Qc8 10. g4 h6 11. Ng3 Nb4 12. a3 Nc6 13. h4 Qd8 14. g5 Nh7 15. gxh6 g6 16.
Qg4 Be7 17. Nd2 Bxh4 18. Nf3 Be7 19. Nh5 a5 20. Qg3 Re8 21. fxg6 Nf6 22. gxf7+
Kxf7 23. Qg7+ Ke6 24. Ng5+ Kd6 25. Nf7+ Ke6 26. Bh3+ 1-0

[Event "Fast  vehicle!"]
[Site "http://www.queenalice.com/game.php?id=890734"]
[Date "2011.1.26"]
[Round "-"]
[White "terriple"]
[Black "limaosiciliano"]
[Result "0-1"]
[WhiteElo "1673"]
[BlackElo "2053"]

1. Nf3 g6 2. e4 Bg7 3. d4 d6 4. Nc3 Nf6 5. Bg5 O-O 6. Bxf6 Bxf6 7. Bc4 Nd7 8.
O-O c5 9. Nd5 Bg7 10. Re1 cxd4 11. Nxd4 e6 12. Nc3 a6 13. a4 Ne5 14. b3 Nxc4 15.
bxc4 Qb6 16. Nde2 Bd7 17. Rb1 Qa5 18. Qd3 Bc6 19. Ra1 Rfd8 20. Nd4 Be8 21. Reb1
Rab8 22. Rb3 Rdc8 23. Rab1 b6 24. h3 Qc5 25. Nf3 Qxc4 26. e5 dxe5 27. Qxc4 Rxc4
28. Nd2 Rc7 29. Nde4 f5 0-1

[Event "AUTO-OPEN-2241"]
[Site "http://www.queenalice.com/game.php?id=891227"]
[Date "2011.1.25"]
[Round "1"]
[White "terriple"]
[Black "FLAMENGO_B"]
[Result "0-1"]
[WhiteElo "1799"]
[BlackElo "1812"]

1. e4 c5 2. Nc3 d6 3. Nf3 e5 4. Bc4 Nc6 5. d3 Be7 6. O-O Nf6 7. Bb5 O-O 8. Bxc6
bxc6 9. b3 Rb8 10. Bg5 Bg4 11. h3 Be6 12. a4 Qd7 13. Re1 Rb7 14. a5 a6 15. Qe2
Qc7 16. Qd2 Rfb8 17. Reb1 d5 18. Qe2 d4 19. Na4 Qd6 20. Nb6 Bd8 21. Na4 Rb5 22.
Bxf6 Bxf6 23. Nb6 Bd8 24. Nc4 Bxc4 25. dxc4 Rxa5 26. Rxa5 Bxa5 27. Ra1 Qc7 28.
Nxe5 Bc3 29. Rxa6 Qxe5 30. Rxc6 Ra8 31. g3 f5 32. Qh5 Qxe4 0-1

[Event "Let's Play Chess!"]
[Site "http://www.queenalice.com/game.php?id=891988"]
[Date "2011.1.28"]
[Round "-"]
[White "terriple"]
[Black "equus"]
[Result "1-0"]
[WhiteElo "1825"]
[BlackElo "1886"]

1. e4 e6 2. d4 c5 3. Nf3 cxd4 4. Nxd4 a6 5. Bd3 Bc5 6. Nb3 Be7 7. Nc3 d6 8. O-O
b6 9. Be3 Nd7 10. Nd4 Bb7 11. Qg4 Bf6 12. Rfe1 Ne5 13. Qg3 g6 14. Nf3 Nxf3+ 15.
Qxf3 b5 16. Rad1 Be5 17. Bf4 Bxf4 18. Qxf4 Ne7 19. Bxb5+ axb5 20. Nxb5 1-0

[Event "Let's Play Chess!"]
[Site "http://www.queenalice.com/game.php?id=891999"]
[Date "2011.1.28"]
[Round "-"]
[White "Blackangel"]
[Black "terriple"]
[Result "1-0"]
[WhiteElo "1880"]
[BlackElo "1719"]

1. e4 e5 2. f4 d6 3. Nf3 Bg4 4. Bc4 h6 5. c3 Nf6 6. Qb3 b6 7. Bxf7+ Ke7 8. fxe5
Nxe4 9. Qd5 c6 10. Qxe4 Kxf7 11. Qxg4 Qe7 12. O-O dxe5 13. Nxe5+ 1-0

[Event "Let's Play Chess!"]
[Site "http://www.queenalice.com/game.php?id=892003"]
[Date "2011.1.28"]
[Round "-"]
[White "terriple"]
[Black "Blackangel"]
[Result "0-1"]
[WhiteElo "1714"]
[BlackElo "1960"]

1. e4 c5 2. Nc3 Nc6 3. Nf3 d6 4. d4 cxd4 5. Nxd4 Nf6 6. Bb5 Bd7 7. O-O g6 8. Bg5
Bg7 9. a4 O-O 10. Nxc6 Bxc6 11. Bxc6 bxc6 12. Qf3 Qa5 13. h4 Rab8 14. Rfb1 Rfe8
15. b4 Rxb4 0-1